| 000 | 00359nam a2200133Ia 4500 | ||
|---|---|---|---|
| 008 | 240624s9999 xx 000 0 und d | ||
| 041 | _aeng | ||
| 082 | _a511.8 DAY | ||
| 100 | _aDAY ALASTAIR | ||
| 245 | _aMASTERING FINANCIAL MATHEMATICS IN MICROSOFT EXCEL | ||
| 260 |
_c2005 _aHarlow _bPearson Education |
||
| 300 | _axv, : 351 : p. : cm. ; 24 | ||
| 365 |
_c _b28 |
||
| 999 |
_c9619 _d9619 |
||